El Montseny [Enregistrament de vídeo] : els paisatges vegetals i l'home / guió : Agustí Corominas i Rosa Murtra els paisatges vegetals i l'home / guió :

per Corominas, Agustí

Publicat: La Roca del Vallès : Agustí Corominas , 1996
Descripció física: 1 videocasset (VHS) 28 min : col : so
Altres autors: Murtra, Rosa

MARC

LEADER 00000nam a2200000Ia 4500
001 19678
008 160829s1996 xx 000 0 cat d
080 |a VID-3 
100 |a Corominas, Agustí  |9 43179 
245 |a El Montseny [Enregistrament de vídeo] :  |b  els paisatges vegetals i l'home / guió :  |b  Agustí Corominas i Rosa Murtra 
260 |a La Roca del Vallès:  |b Agustí Corominas,  |c 1996 
300 |a 1 videocasset (VHS) 28 min :  |b  col :  |b  so 
590 |a Al contenidor: El 9 Nou.  
590 |a Amb la col·laboració de la Diputació de Barcelona 
650 0 |a Boscos i silvicultura  |z Montseny (Catalunya : Massís)  |9 43180 
650 |a Home  |x Influència sobre la natura  |x Montseny  |9 43181 
651 0 |a Montseny (Catalunya : Massís)  |9 50902 
700 |a Murtra, Rosa   |9 43182 
710 1 |a Barcelona (Catalunya : Província).  |b Diputació  |9 52408 
901 |a Arxiu 
942 |n 1 
952 |0 0  |1 0  |4 0  |6 VID3  |7 1  |9 51257  |a Arxiu  |b Arxiu  |d 2016-12-01  |l 0  |o VID-3  |p 19678  |r 2016-12-01 00:00:00  |w 2016-12-01  |y ARXIU 
999 |c 55100  |d 55100